| 000 | 00828nam a22002297a 4500 | ||
|---|---|---|---|
| 008 | 130821s2008 ne a gr eng | ||
| 020 | _a9780444515582 | ||
| 040 |
_aCo-BoUCM _bspa |
||
| 041 | 0 | 0 | _aeng |
| 245 | 0 | 0 |
_aHandbook of financial intermediation and banking _cedited Anjan V. Thakor, Arnoud W.A. Boot. |
| 260 |
_aÁmsterdam (Holanda) _bNorth-Holland/Elsevier _c2008 |
||
| 300 |
_axxv, 577 páginas _bilustraciones |
||
| 490 | 0 | _aHandbooks in finance | |
| 504 | _aIncluye referencias bibliográficas e índice. | ||
| 650 | 0 | 4 |
_aBancos _99920 |
| 650 | 0 | 4 |
_aFinanzas _97628 |
| 650 | 0 | 4 |
_aIntermediación financiera _917878 |
| 700 | 1 |
_aBoot, Arnoud W. A. _q(Willem Alexander) _d1960- _9171894 |
|
| 700 | 1 |
_aThakor, Anjan V. _9129773 |
|
| 942 |
_cLIBRO _2DEWEY _a7 _e1 _h332.1 _mH236 |
||
| 999 |
_c92413 _d92413 |
||